000 00413nam a2200157 4500
001 121476
003 ES-MaACL
005 20230906191746.0
007 t|
008 070214s1965 sp r ||||1| cat d
100 1 _aPorcel, Baltasar.
_993114
245 1 0 _aTeatre /
_cBaltasar Porcel.
260 _aPalma de Mallorca :
_bDaedalus,
_c1965.
300 _a274 p. ;
_c20 cm.
852 _aES-MaACL
_jC-28784
_bR.58159
999 _c121476
_d121476